000 00988nam a22002537a 4500
999 _c63863
_d63863
005 20240530110702.0
008 171225s2015 ua ad f b 000 0dara d
017 _a2015/16270
_bمصر. دار الكتب
020 _a9789779104478
040 _aEG-CaGPL
_cEG-CaGPL
082 0 4 _221
_a962.15
_bق/ض م
100 0 _aضياء الدين حسن القاضى
245 1 0 _aموسوعة تاريخ بورسعيد /
_cاعداد ضياء الدين حسن القاضى .
250 _aط.1
260 _aالقاهرة :
_bالهيئة المصرية العامة للكتاب،
_c2015 .
300 _a4 جزء :
_bايض ؛
_c28 سم.
504 _aيشتمل على ارجاعات ببليوجرافية
650 0 7 _2qrmak
_aالفولكولور المصرى
650 0 7 _2qrmak
_aالادب الشعبى
651 0 7 _2qrmak
_aبورسعيد
_xتاريخ
651 0 7 _2qrmak
_aبورسعيد
_vخرائط
942 _2ddc
_cBK